| 000 | 00444nam a22001697a 4500 | ||
|---|---|---|---|
| 005 | 20240108162756.0 | ||
| 008 | 190326b xxu||||| |||| 00| 0 eng d | ||
| 020 | _a978-93-86700-57-5 | ||
| 041 | _aeng | ||
| 100 |
_aWALODE, DR. SANJAY AND BHUSHAN, BIDYA _94914 |
||
| 245 | _aA TEXTBOOK PHARMACEUTICAL ANALYSIS | ||
| 250 | _a4th , 2019 | ||
| 260 |
_aPUNE _bNIRALI PRAKASHAN |
||
| 300 | _aP-16 p, | ||
| 650 |
_aPHARMACY _xD.PHARMA |
||
| 942 | _cBK | ||
| 999 |
_c5787 _d5785 |
||